00453 2200181 4500001002100000005001700021035002400038040001200062082000800074084001600082100001600098245005600114260004300170300002100213650001000234850001200244990001500256YOGYA00000000009801920170112142648.0 0010-081400000097736 aYOPDYOG a813 aK 813 Wol D aStefan Wolf aDrama Penyanderaan di Sekolah Asrama /cStefan Wolf aJakartabGramedia Pustaka Utamac11993 a256 hlm.c18 cm. aFiksi aYOPDYOG a60870-P/95